[Event "ESP-chT CECLUB Div2"]
[Site "Linares"]
[Date "2020.08.26"]
[Round "4.4"]
[White "Gaspar Lopez, Rocio1111"]
[Black "Fernandez Rodriguez, Omar"]
[Result "1/2-1/2"]
[WhiteElo "1591"]
[BlackElo "1537"]
[PlyCount "139"]
[EventDate "2020.08.24"]
[EventType "team-tourn"]
[EventRounds "6"]
[EventCountry "ESP"]
[SourceTitle "CBM 198 Extra"]
[Source "ChessBase"]
[SourceDate "2020.11.30"]
[SourceVersion "1"]
[SourceVersionDate "2020.11.30"]
[SourceQuality "1"]
[WhiteTeam "Coin CC"]
[BlackTeam "Antonio Rico"]
[WhiteTeamCountry "ESP"]
[BlackTeamCountry "ESP"]

1. e4 c5 2. Nf3 e6 3. d4 cxd4 4. Nxd4 Nf6 5. Nc3 Nc6 6. Ndb5 Bb4 7. a3 Bxc3+ 8. Nxc3 0-0 9. Be2 h6 10. 0-0 d5 11. exd5 exd5 12. Bf3 Be6 13. Re1 Re8 14. Ne2 Bg4 15. Bxg4 Nxg4 16. h3 Nf6 17. b3 Ne4 18. Bb2 Ne5 19. f4 Nc6 20. Kh2 Qd6 21. g3 Rad8 22. Nc3 Qc5 23. Nxe4 Rxe4 24. Rxe4 dxe4 25. Qe2 e3 26. Rd1 Nd4 27. Bxd4 Rxd4 28. Rxd4 Qxd4 29. Kg2 Qd5+ 30. Kg1 Qd2 31. Kf1 Qc1+ 32. Kg2 Qxa3 33. Qxe3 Kf8 34. Kf3 a6 35. Qd3 Qe7 36. Qe4 Qc7 37. g4 Qc3+ 38. Qd3 Qxd3+ 39. cxd3 Ke7 40. Ke4 Kd6 41. Kd4 b6 42. b4 a5 43. Kc4 a4 44. b5 a3 45. Kb3 Kc5 46. Kxa3 Kxb5 47. Kb3 Kc5 48. Kc3 Kd5 49. h4 g6 50. g5 h5 51. d4 b5 52. Kb4 Kxd4 53. Kxb5 Ke4 54. Kc4 Kf3 55. Kd5 Kxf4 56. Kd4 Kf5 57. Kd5 f6 58. gxf6 Kxf6 59. Ke4 Ke6 60. Kf4 Kf6 61. Ke4 Kf7 62. Kd5 Kg7 63. Ke5 Kh7 64. Kf4 Kh6 65. Kg3 Kg7 66. Kf4 Kf6 67. Ke4 Ke6 68. Kf4 Ke7 69. Kg5 Kf7 70. Kf4 1/2-1/2

[Event "Trevias op 23rd"]
[Site "Trevias"]
[Date "2017.09.24"]
[Round "7"]
[White "Fernandez Rodriguez, Omar"]
[Black "Fernandez Martin, Fermin Jordi"]
[Result "0-1"]
[WhiteElo "1156"]
[BlackElo "2119"]
[PlyCount "40"]
[EventDate "2017.09.18"]
[EventType "swiss"]
[EventRounds "7"]
[EventCountry "ESP"]
[SourceTitle "CBM 180 Extra"]
[Source "ChessBase"]
[SourceDate "2017.10.06"]
[SourceVersion "1"]
[SourceVersionDate "2017.10.06"]
[SourceQuality "1"]

1. d4 f5 2. Nf3 Nf6 3. Bf4 g6 4. e3 Bg7 5. h3 d6 6. c4 0-0 7. Nc3 Nc6 8. Be2 Ne4 9. Nxe4 fxe4 10. Nd2 Nxd4 11. Nxe4 Nxe2 12. Qxe2 Bf5 13. Ng3 Bd7 14. Ne4 h6 15. 0-0 Bf5 16. Ng3 Be6 17. Qd3 Qe8 18. Qe4 Qf7 19. Rac1 g5 20. Nh5 Bf5 0-1